000 00577nam a2200205 u 4500
005 20240831063714.0
008 080527s2001 es r 000 0 spa d
020 _a8493188816
035 _aUPN01000156428
049 _aI
050 4 _aPZ74.1
_bF4.2
100 1 _aFernández García, César,
_d1967-
_930400
245 1 3 _aEl bibliobús mágico /
_cCésar Fernández García.
260 _aValencia, Esp. :
_bBrief,
_c2001.
300 _a87 p. :
_bil. col.
440 0 _aInfantil
650 4 _aCuentos infantiles españoles
_97725
905 _aLibro
999 _c128542
_d128542